LEADER 01270nam0 22003253i 450 001 MOL0222119 005 20251003044242.0 100 $a20160202d1975 ||||0itac50 ba 101 | $aita 102 $ait 181 1$6z01$ai $bxxxe 182 1$6z01$an 183 1$6z01$anc$2RDAcarrier 200 1 $aConcorrenza sleale e interessi protetti$fCarlo Santagata 210 $aNapoli$cJovene$d1975 215 $a330 p.$d24 cm. 606 $aConcorrenza sleale$2FIR$3SBLC129296$9E 606 $aInteresse$xTutela giuridica$2FIR$3SBLC062425$9I 676 $a346.07$9DIRITTO COMMERCIALE$v21 696 $aInteresse 699 $aInteresse$zInteresse 700 1$aSantagata$b, Carlo$3CFIV010259$4070$0105307 801 3$aIT$bIT-000000$c20160202 850 $aIT-BN0095 901 $bNAP 01$cD $n$ 912 $aMOL0222119 950 0$aBiblioteca Centralizzata di Ateneo$d 01D (AR) 5 904$e 01AR 0070059045 VMA 1 v. in due copie$fY $h20230918$i20230918$c1 v.$d 01D (AR) 9 250$e 01AR 0070092505 VMA 1 v.$fY $h20160202$i20160202 977 $a 01 996 $aConcorrenza sleale e interessi protetti$965529 997 $aUNISANNIO